[Event "Nordic-ch U14"]
[Site "Torshavn"]
[Date "2021.09.10"]
[Round "1"]
[White "Medhus, Vitus Bondo"]
[Black "Salonen, Aku"]
[Result "1/2-1/2"]
[WhiteElo "1884"]
[BlackElo "1442"]
[PlyCount "125"]
[EventDate "2021.09.10"]
[EventType "swiss"]
[EventRounds "6"]
[EventCountry "FAI"]
[SourceTitle "EXT 2023"]
[Source "ChessBase"]
[SourceDate "2022.10.05"]
[SourceVersion "1"]
[SourceVersionDate "2022.10.05"]
[SourceQuality "1"]

1. e4 c6 2. d4 d5 3. exd5 cxd5 4. Bd3 Nc6 5. c3 Qc7 6. Ne2 Bg4 7. 0-0 e6 8. Qe1 Bd6 9. f3 Bh5 10. Qh4 Bg6 11. Bxg6 fxg6 12. Nf4 Kf7 13. Re1 Re8 14. Nh3 h6 15. Bf4 Nf6 16. Qg3 e5 17. dxe5 Bxe5 18. Bxe5 Rxe5 19. Nd2 Rhe8 20. Rxe5 Rxe5 21. Nb3 Qb6+ 22. Qf2 Re2 23. Qxb6 axb6 24. Rb1 g5 25. Kf1 Re7 26. Ng1 g4 27. f4 Re4 28. Ne2 b5 29. Nc5 Re7 30. Ng3 b6 31. Nb3 Ra7 32. a3 Ra4 33. Ne2 Re4 34. g3 Na5 35. Nbd4 Nc4 36. Ke1 Nd6 37. Kf2 Re8 38. Nc6 Nfe4+ 39. Ke1 Nc4 40. Rd1 Nxb2 41. Rxd5 Nxc3 42. Ne5+ Rxe5 43. Rxe5 Nd3+ 44. Kd2 Nxe5 45. Kxc3 Nc4 46. Kb4 Nd6 47. Nd4 Ke7 48. Nxb5 Nf5 49. Nc3 Nd4 50. Nd5+ Kd6 51. Nxb6 Nf3 52. Nc4+ Kc7 53. a4 Nxh2 54. Ne3 h5 55. a5 Nf3 56. Nf5 g6 57. Ne3 Nd4 58. Kc4 Nf5 59. Nf1 Kc6 60. Kd3 Kb5 61. Ke4 Nxg3+ 62. Nxg3 h4 63. Ne2 1/2-1/2

[Event "EU Union-ch U12"]
[Site "Kouty nad Desnou"]
[Date "2019.08.21"]
[Round "6"]
[White "Salonen, Aku"]
[Black "Tiitta, Lotta"]
[Result "1-0"]
[WhiteElo "1467"]
[BlackElo "1168"]
[PlyCount "95"]
[EventDate "2019.08.16"]
[EventType "swiss"]
[EventRounds "9"]
[EventCountry "CZE"]
[SourceTitle "EXT 2020"]
[Source "ChessBase"]
[SourceDate "2019.10.17"]
[SourceVersion "1"]
[SourceVersionDate "2019.10.17"]
[SourceQuality "1"]

1. e4 g6 2. Nf3 Bg7 3. c3 c5 4. d4 d5 5. e5 Nh6 6. Bb5+ Nd7 7. 0-0 0-0 8. Bxd7 Bxd7 9. dxc5 Bc6 10. Be3 Nf5 11. Bd4 e6 12. a4 Rc8 13. Re1 Qd7 14. b4 a6 15. Nbd2 Qc7 16. Qb3 Bd7 17. Nf1 Ra8 18. Ne3 Nxd4 19. cxd4 b5 20. axb5 Bxb5 21. Ra5 Rfc8 22. Rea1 Qc6 23. Nd2 Bh6 24. Nb1 Bxe3 25. Qxe3 Bc4 26. Na3 Bb5 27. Nxb5 axb5 28. Qa3 Rab8 29. Ra6 Qd7 30. Ra7 Qe8 31. Qe3 Ra8 32. Qa3 Rab8 33. Qa6 Kg7 34. Qa3 Kg8 35. Qc3 Rc6 36. R1a3 Kh8 37. Qa1 Rcc8 38. R3a6 Kg8 39. Rd6 Rc6 40. Rdd7 Rcc8 41. Re7 Qf8 42. Qd1 Ra8 43. Rxf7 Rxa7 44. Rxa7 Qe8 45. Qa1 Qc6 46. Qa6 Qe8 47. Qb7 Qf8 48. Qxh7# 1-0

[Event "EU Union-ch U12"]
[Site "Kouty nad Desnou"]
[Date "2019.08.20"]
[Round "5"]
[White "Leontjeva, Aleksandra"]
[Black "Salonen, Aku"]
[Result "1/2-1/2"]
[WhiteElo "1046"]
[BlackElo "1467"]
[PlyCount "60"]
[EventDate "2019.08.16"]
[EventType "swiss"]
[EventRounds "9"]
[EventCountry "CZE"]
[SourceTitle "EXT 2020"]
[Source "ChessBase"]
[SourceDate "2019.10.17"]
[SourceVersion "1"]
[SourceVersionDate "2019.10.17"]
[SourceQuality "1"]

1. e4 e5 2. Nf3 Nc6 3. Nc3 Nf6 4. d4 exd4 5. Nxd4 d6 6. Bb5 Bd7 7. 0-0 g6 8. Re1 Nxd4 9. Bxd7+ Qxd7 10. Qxd4 Bg7 11. Qa4 0-0 12. Qxd7 Nxd7 13. Bf4 Bxc3 14. bxc3 Ne5 15. Bxe5 dxe5 16. Rad1 Rfd8 17. f3 f6 18. h4 Kf7 19. Rd3 Rd6 20. Red1 Rad8 21. Kf2 Rxd3 22. Rxd3 Rxd3 23. cxd3 c5 24. Ke3 Ke6 25. g4 f5 26. g5 f4+ 27. Kd2 b5 28. Kc2 a5 29. a3 a4 30. Kb2 Kd6 1/2-1/2

[Event "EU Union-ch U12"]
[Site "Kouty nad Desnou"]
[Date "2019.08.19"]
[Round "4"]
[White "Salonen, Aku"]
[Black "Barteckova, Denisa"]
[Result "0-1"]
[WhiteElo "1467"]
[BlackElo "1240"]
[PlyCount "50"]
[EventDate "2019.08.16"]
[EventType "swiss"]
[EventRounds "9"]
[EventCountry "CZE"]
[SourceTitle "EXT 2020"]
[Source "ChessBase"]
[SourceDate "2019.10.17"]
[SourceVersion "1"]
[SourceVersionDate "2019.10.17"]
[SourceQuality "1"]

1. d4 d5 2. c4 e6 3. Nc3 Nf6 4. Bg5 c6 5. e3 Nbd7 6. cxd5 exd5 7. Nf3 Qa5 8. Qd2 Bb4 9. Bxf6 Nxf6 10. Bd3 0-0 11. 0-0 Bd6 12. h3 Qc7 13. Rac1 a6 14. Qc2 g6 15. e4 dxe4 16. Nxe4 Nxe4 17. Bxe4 Bf4 18. Rcd1 Be6 19. a3 Qb6 20. Rd3 f5 21. d5 fxe4 22. dxe6 exd3 23. Qxd3 Rae8 24. Qc4 Qb5 25. Qa2 Qd5 0-1